000 00528nam a2200157Ia 4500
008 170221s9999 xx 000 0 und d
100 _aRui Wang
245 _aRestorable Energy Aware Routing with Backup Sharing in Software Defined Networks
245 _cRui Wang, SuixiangGao, Wenguo Yang, and Zhipeng Jiang
260 _bJournal of Communications
260 _c2014
300 _a34 : 13
650 _xCommunication
650 _xMedia Arts
856 _uhttp://www.jocm.us/index.php?m=content&c=index&a=lists&catid=150
999 _c310904
_d310904